00322nam a2200121Ia 4500008004100000041000800041082001400049100001900063245004500082260003200127300003000159365001100189240624s9999 xx 000 0 und d aeng a658.8 PRI aPRINGLE HAMISH aBRAND IMMORTALITY HOW BRANDS CAN LIVE LO c2009aNew DelhibKogan Page axi, : 320 : p. : cm. ; 24 cRSb30